Statistics for Países por Investimento em Educação

Click here to take the quiz!

General Stats

  • This quiz has been taken 1,155 times
  • The average score is 15 of 19

Answer Stats

Total Per Capita País % Correct
$899 biEstados Unidos
98%
$192 biAlemanha
94%
$227 biJapão
94%
$159 biFrança
93%
$85.1 biCanadá
92%
$4,607Suécia
91%
$83.1 biRússia
88%
$170 biReino Unido
88%
$7,500Noruega
87%
$150 biBrasil
87%
$105 biItália
87%
$4,323Suíça
84%
$82.4 bi$3,513Austrália
84%
$3,556Finlândia
83%
$5,198Dinamarca
77%
$4,644Islândia
65%
$3,243Irlanda
62%
$4,762Luxemburgo
48%
$3,504Catar
24%

Score Distribution

Percentile by Number Answered

Percent of People with Each Score

Your Score History

You have not taken this quiz